[Event "Swiss Queens Wed #8"]
[Site "FIDE Online Arena INT"]
[Date "2024.03.20"]
[Round "2"]
[White "Dudipalli, Hamsini"]
[Black "Vantika, Agrawal"]
[Result "0-1"]
[WhiteElo "1443"]
[BlackElo "2398"]
[PlyCount "58"]
[EventDate "2024.03.20"]
[EventType "swiss (blitz)"]
[EventRounds "11"]
[EventCountry "NET"]
[SourceTitle "CB13_2024"]
[SourceDate "2024.03.27"]
[SourceVersion "1"]
[SourceVersionDate "2024.03.27"]
[SourceQuality "1"]

1. e4 c5 2. Nf3 d6 3. d4 cxd4 4. Nxd4 Nf6 5. Nc3 a6 6. Be3 e5 7. Nf3 Be7 8. Bc4 Be6 9. Bxe6 fxe6 10. Ng5 Qd7 11. 0-0 h6 12. Nf3 0-0 13. Qd2 Nc6 14. Rad1 Qe8 15. Qe2 b5 16. a3 Rc8 17. b4 Nxb4 18. a4 Rxc3 19. axb5 axb5 20. Bd2 Rc4 21. Bxb4 Rxb4 22. Qd2 Rxe4 23. Rfe1 Rxe1+ 24. Rxe1 Nd5 25. Qd3 Nf4 26. Qe3 Qg6 27. g3 Nd5 28. Qe4 Qxe4 29. Rxe4 Rxf3 0-1

[Event "Swiss Queens Wed #8"]
[Site "FIDE Online Arena INT"]
[Date "2024.03.20"]
[Round "5"]
[White "Narahari, Akshaya"]
[Black "Dudipalli, Hamsini"]
[Result "1-0"]
[WhiteElo "1466"]
[BlackElo "1443"]
[PlyCount "97"]
[EventDate "2024.03.20"]
[EventType "swiss (blitz)"]
[EventRounds "11"]
[EventCountry "NET"]
[SourceTitle "CB13_2024"]
[SourceDate "2024.03.27"]
[SourceVersion "1"]
[SourceVersionDate "2024.03.27"]
[SourceQuality "1"]

1. e4 e5 2. Nf3 Nc6 3. Bb5 a6 4. Ba4 Nf6 5. 0-0 b5 6. Bb3 Bc5 7. c3 0-0 8. d4 exd4 9. cxd4 Be7 10. Nc3 b4 11. Nd5 Nxd5 12. Bxd5 Bb7 13. Bf4 d6 14. Qa4 Qd7 15. Rac1 Qg4 16. Bg3 Nd8 17. Bxb7 Nxb7 18. Rxc7 Qxe4 19. Re1 Qd3 20. Rcxe7 d5 21. Rxb7 h6 22. Bd6 Rfd8 23. Bxb4 g5 24. h3 Rab8 25. Rxb8 Rxb8 26. Bc3 Qb5 27. Qxb5 axb5 28. Re5 Rd8 29. b3 Kg7 30. a4 bxa4 31. bxa4 Rc8 32. Bb4 Rc4 33. Bc5 Rxa4 34. Rxd5 Ra1+ 35. Kh2 Ra8 36. Rd7 Re8 37. Ne5 Kg8 38. Nxf7 Rf8 39. Nxh6+ Kh8 40. Bxf8 g4 41. Bg7+ Kh7 42. Bf8+ Kh8 43. Nf5 gxh3 44. Kxh3 Kg8 45. g4 Kh8 46. g5 Kg8 47. g6 Kh8 48. g7+ Kh7 49. Nh6 1-0

[Event "Swiss Queens Wed #6"]
[Site "FIDE Online Arena INT"]
[Date "2024.03.06"]
[Round "2"]
[White "Dudipalli, Hamsini"]
[Black "Mikhaylova, Irina"]
[Result "0-1"]
[WhiteElo "1443"]
[BlackElo "2169"]
[PlyCount "68"]
[EventDate "2024.03.06"]
[EventType "swiss (blitz)"]
[EventRounds "11"]
[EventCountry "NET"]
[SourceTitle "CB11_2024"]
[SourceDate "2024.03.13"]
[SourceVersion "1"]
[SourceVersionDate "2024.03.13"]
[SourceQuality "1"]

1. e4 c5 2. Nf3 Nc6 3. d4 cxd4 4. Nxd4 e5 5. Nxc6 bxc6 6. Nc3 Nf6 7. Bg5 Be7 8. Bc4 0-0 9. 0-0 d6 10. Qd2 Be6 11. Bxe6 fxe6 12. Rad1 d5 13. exd5 exd5 14. Rfe1 Qc7 15. Qe2 Bd6 16. Bxf6 gxf6 17. Qg4+ Kh8 18. Qe6 Rae8 19. Qh3 f5 20. Ne2 e4 21. Ng3 f4 22. Nf5 Qd7 23. Nxd6 Qxd6 24. f3 Qe6 25. Qxe6 Rxe6 26. fxe4 dxe4 27. Rd4 e3 28. Rf1 Ref6 29. Ra4 R8f7 30. Rf3 Re6 31. Kf1 Rd7 32. Ke1 e2 33. Raxf4 Rd1+ 34. Kf2 e1Q# 0-1

[Event "Swiss Queens Wed #5"]
[Site "FIDE Online Arena INT"]
[Date "2024.02.28"]
[Round "7"]
[White "Kruusiauk, Heda"]
[Black "Dudipalli, Hamsini"]
[Result "1-0"]
[WhiteElo "1677"]
[BlackElo "1072"]
[PlyCount "45"]
[EventDate "2024.02.28"]
[EventType "swiss (blitz)"]
[EventRounds "11"]
[EventCountry "NET"]
[SourceTitle "CB10_2024"]
[SourceDate "2024.03.06"]
[SourceVersion "1"]
[SourceVersionDate "2024.03.06"]
[SourceQuality "1"]

1. e4 e5 2. Nf3 Nc6 3. Bc4 Bc5 4. 0-0 Nf6 5. c3 0-0 6. d4 exd4 7. cxd4 Bb6 8. e5 d5 9. exf6 dxc4 10. fxg7 Kxg7 11. d5 Ne7 12. Nc3 c6 13. dxc6 Nxc6 14. Be3 Bxe3 15. fxe3 Qxd1 16. Raxd1 Bg4 17. Rd5 Bxf3 18. Rxf3 Nb4 19. Rg5+ Kh8 20. Rh5 Nc2 21. Rfh3 Kg8 22. Rxh7 Rfe8 23. e4 1-0